000 00650nam a22002417a 4500
003 UA-OsUOA
001 32322
007 ta
008 20050131b un ||||| |||| 00| 0 ukr d
100 _aКасименко А.
090 _a94(477)042.2
_bК28
942 _cBK
040 _aUA-OsUOA
_brus
_cUA-OsUOA
_dUA-OsUOA
245 _aВоссоединение Украины с Россией и его историческое значение
300 _a74 с.
955 _a0
041 _arus
080 _a94(477)042.2
260 _aМосква
_bГосполитиздат
_c1954
044 _aRU
650 7 _2UDC
999 _c318762
_d318762